Score 0/15 Timer 04:00
0 Plays Today
Rank Country % Correct
11Sweden
96.5%
14Norway
96.5%
7Denmark
95.7%
9United Kingdom
95.5%
10United States of America
87.3%
3Germany
86.1%
15France
81.7%
1Poland
80.7%
Rank Country % Correct
2Lithuania
55.5%
6Latvia
52.1%
4Portugal
47.5%
13*Former Yugoslavia
46.9%
8Thailand
34.4%
5Philippines
32.7%
12Slovakia
31.3%
Remove Ads.
Support Sporcle.
Get the best of Sporcle when you Go Orange. This ad-free experience offers more features, more stats, and more fun while also helping to support Sporcle. Thank you for becoming a member.

You're not logged in!

Compare scores with friends on all Sporcle quizzes.
OR
Log In

Show Comments

Extras

Top Quizzes Today


Score Distribution

Your Account Isn't Verified!

In order to create a playlist on Sporcle, you need to verify the email address you used during registration. Go to your Sporcle Settings to finish the process.

Report this User

Report this user for behavior that violates our Community Guidelines.

Details: